Macroeconomics, (Record no. 5761)

MARC details
005 - DATE AND TIME OF LATEST TRANSACTION
control field 20250627164409.0
020 ## - INTERNATIONAL STANDARD BOOK NUMBER
International Standard Book Number 0-07-087470-0
082 ## - DEWEY DECIMAL CLASSIFICATION NUMBER
Classification number 339SAY
100 ## - MAIN ENTRY--PERSONAL NAME
Author name SAYRE, J. E.
245 ## - TITLE STATEMENT
Title Macroeconomics,
250 ## - EDITION STATEMENT
Edition statement 3rd Ed.
260 ## - PUBLICATION, DISTRIBUTION, ETC.
Place of publication, distribution, etc. New York,
Name of publisher, distributor, etc. McGraw- Hill,
Date of publication, distribution, etc. 2001.
300 ## - PHYSICAL DESCRIPTION
Extent xvii, 528p,: ill.; figure
Other physical details Glossary & Index
Dimensions 25cm
700 ## - ADDED ENTRY--PERSONAL NAME
Other authors/Editors MORRIS, A. J.
942 ## - ADDED ENTRY ELEMENTS (KOHA)
Source of classification or shelving scheme Dewey Decimal Classification
Koha item type Books
Holdings
Date last seen Total checkouts Full call number Barcode Cost, replacement price Price effective from Koha item type Lost status Source of classification or shelving scheme Damaged status Not for loan Withdrawn status Home library Current library Shelving location Date acquired Cost, normal purchase price
06/27/2025   339SAY DOM0002608 90000.00 06/27/2025 Books   Dewey Decimal Classification       CBE Dodoma CBE Dodoma General Collection 04/06/2009 30000.00